Abusir XXII : the tomb of Kaiemtjenenet (AS 38) and the surrounding structures (AS 57-60) /

Main Author: Vymazalová, Hana, 1978-
Other Authors: Arias Kytnarová, Katarína
Language: English
Published: Prague : Charles University in Prague, Faculty of Arts, 2011
Edition: Vyd. 1.
Series: Excavations of the Czech Institute of Egyptology
Subjects:
Online Access: Digitalizovaný dokument
Physical Description: xxii, 199 s. : il. (některé barev.), plány ; 31 cm
Book
Saved in:
LEADER 02272nam a2200553 a 4500
001 nkc20122268973
003 CZ PrNK
005 20160526235008.0
007 ta
008 120105s2011 xr ae f 001 0 eng
015 |a cnb002268973 
020 |a 978-80-7308-389-2  |q (váz.) 
035 |a (OCoLC)859736647 
040 |a BOA001  |b cze  |d OLA001 
043 |a f-ua--- 
072 7 |a 902  |x Archeologie  |2 Konspekt  |9 8 
080 |a 902.2  |2 MRF 
080 |a 902:904  |2 MRF 
080 |a 726.821  |2 MRF 
080 |a (620)  |2 MRF 
080 |a (32)  |2 MRF 
080 |a (048.8:082)  |2 MRF 
100 1 |a Vymazalová, Hana,  |d 1978-  |7 mzk2004248943  |4 aut 
245 1 0 |a Abusir XXII :  |b the tomb of Kaiemtjenenet (AS 38) and the surrounding structures (AS 57-60) /  |c Hana Vymazalová ; with contributions by Katarína Arias Kytnarová ... [et al.] 
246 3 0 |a Tomb of Kaiemtjenenet (AS 38) and the surrounding structures (AS 57-60) 
250 |a Vyd. 1. 
260 |a Prague :  |b Charles University in Prague, Faculty of Arts,  |c 2011 
300 |a xxii, 199 s. :  |b il. (některé barev.), plány ;  |c 31 cm 
490 1 |a Excavations of the Czech Institute of Egyptology 
504 |a Obsahuje bibliografii a rejstříky 
650 0 7 |a archeologické výzkumy  |7 ph118577  |z Egypt  |2 czenas 
650 0 7 |a archeologické nálezy  |7 ph137683  |z Egypt  |2 czenas 
650 0 7 |a hrobky  |7 ph120859  |z starověký Egypt  |2 czenas 
650 0 9 |a excavations (archaeology)  |z Egypt  |2 eczenas 
650 0 9 |a antiquities  |z Egypt  |2 eczenas 
650 0 9 |a tombs  |z Egypt  |2 eczenas 
651 7 |a Abúsír (Egypt : archeologická lokalita)  |7 ge128633  |2 czenas 
651 9 |a Abusir (Egypt)  |2 eczenas 
655 7 |a kolektivní monografie  |7 fd501537  |2 czenas 
655 9 |a collective monographs  |2 eczenas 
700 1 |a Arias Kytnarová, Katarína  |7 ola2012704776  |4 aut 
830 0 |a Excavations of the Czech Institute of Egyptology  |0 s 
856 4 1 |u http://www.digitalniknihovna.cz/mzk/uuid/uuid:435b0dc0-0542-11e6-a611-005056827e51  |y Digitalizovaný dokument  |x NDK 
910 2 |a BOA001  |b 4-1291.776 
928 9 |a Univerzita Karlova, Filozofická fakulta 
990 |a BK 
995 |a 01 
991 |b 201211  |c NOV  |e n 
996 6 |b 2610527163  |c 4-1291.776  |l MZK  |r Sklad / do 1 hodiny  |n 0  |p p.v.  |w 001296147  |u 000010  |a 1  |e BOA001  |j MZK50  |s P